Memindvreobis kultura Aġmosavletʻ Sakʻartʻveloši : istoriuli-etʻnograpʻiuli gamokvleva /
Saved in:
| Main Author: | |
|---|---|
| Format: | Book |
| Language: | Georgian |
| Published: |
Tʻbilisi :
Gamomcʻemloba "Mecʻniereba",
1986.
|
| Subjects: | |
| Tags: |
Add Tag
No Tags, Be the first to tag this record!
|
| LEADER | 01078nam a2200265 a 4500 | ||
|---|---|---|---|
| 001 | 000586830-0 | ||
| 005 | 20020606090541.3 | ||
| 008 | 870109s1986 gs a b 000|0 geood | ||
| 035 | 0 | |a ocm30422112 | |
| 041 | 0 | |a geo |b rus | |
| 043 | |a e-ur-gs | ||
| 100 | 1 | |a Jalabaże, G. | |
| 245 | 1 | 0 | |a Memindvreobis kultura Aġmosavletʻ Sakʻartʻveloši : |b istoriuli-etʻnograpʻiuli gamokvleva / |c G. Jalabaże. |
| 246 | 3 | |a Polevodcheskai︠a︡ kulʹtura Vostochnoĭ Gruzii. | |
| 260 | |a Tʻbilisi : |b Gamomcʻemloba "Mecʻniereba", |c 1986. | ||
| 300 | |a 313 p. : |b ill. ; |c 22 cm. | ||
| 500 | |a In Georgian, with Russian summary. | ||
| 500 | |a Title in colophon: Polevodcheskai︠a︡ kulʹtura Vostochnoĭ Gruzii. | ||
| 500 | |a At head of title: Sakʻartʻvelos SSR mecʻnierebatʻa akademia. Akad. S. Janašias sax. Sakʻartʻvelos saxelmcipʻo muzeumi. | ||
| 504 | |a Includes bibliographical references. | ||
| 650 | 0 | |a Ethnology |z Georgia (Republic). | |
| 650 | 0 | |a Agriculture |z Georgia (Republic). | |
| 650 | 0 | |a Agricultural implements |z Georgia (Republic). | |
| 988 | |a 20020608 | ||
| 906 | |0 MH | ||


